00691nam a2200181Ia 4500008004100000020001800041082002600059100003800085245007900123250000600202260002400208300001100232440002500243500004100268650006300309952012000372999001700492120622s9999 xx 000 0 und d a968-432-002-7 a086.1 S479c v.72 1984 aStowe, Harriet Beecher, 1811-1896 aLa cabaña del tío Tom / Harriet Beecher Stowe ; intr. de Daniel Moreno a9 aMéxico : Porrúa a340 p. aSepan cuántos ; 72 aTítulo original: Uncle Tom's cabin a1. NOVELA ESTADOUNIDENSE \ 2. LITERATURA ESTADOUNIDENSEÌ 00102lcc4070a22b22d2007-01-25l4m1o086.1 S479C V.72 1984p01 002328r2023-07-18s2017-03-27w2012-06-24yLB c56585d56585